000 00628nam a2200205Ii 4500
001 4183
003 CO-ViMGA
008 241108s9999||||xx |||||||||||||| ||und||
040 _aCO-ViMGA
_bspa
_erda
_cCO-ViMGA
041 0 _aunk
082 0 4 _a498 I488ir
110 1 _aInstituto Lingüístico de Verano
245 1 0 _aIra Riquinro:
_bVa a sembrar la comida
264 1 _a[Lugar de publicación no identificado] : Editorial Townsend, 1972
300 _avolumen
336 _atext
_btxt
_2rdacontent
337 _aunmediated
_bn
_2rdamedia
338 _avolume
_bnc
_2rdacarrier
940 _aidficha_siabuc: 4091. -- ficha_no_siabuc:4183
999 _c55710
_d55710